| 000 | 00764nam a22002177a 4500 | ||
|---|---|---|---|
| 999 |
_c226 _d226 |
||
| 003 | AR-CdUCM | ||
| 008 | 190222b ||||| |||| 00| 0 spa d | ||
| 040 |
_aMUNICIPALIDAD PROVINCIAL DEL CUSCO _cBIBLIOTECA MUNICIPAL DEL CUSCO |
||
| 082 |
_a869.56 / _bAG32 |
||
| 100 |
_aAguilar, Santiago _9995 |
||
| 245 | _aCoral de Roca / | ||
| 260 |
_aTrujillo : _bLa Elite, _c1984. |
||
| 300 |
_a45 paginas ; _c22 cm. |
||
| 505 | _aLa entrada -- Los primeros pasos -- El aprisionamiento -- Los recuerdos sublevados -- Pulso interno -- Ofrenda de la sangre -- La unidad y la paz ... | ||
| 650 |
_aLiteratura Peruana _9441 |
||
| 650 |
_aPoemas Regionales _9996 |
||
| 650 |
_aCoral _9997 |
||
| 650 |
_aMensajes _9998 |
||
| 942 |
_2ddc _cLIBROS |
||
| 945 |
_aacv _d2019-02-22 |
||